000 00858cam a2200265 a 4500
008
020 _a0201485346 (hbk.)
049 _aMAIN
090 _aTK5105.5
_bSTA
100 1 _aStallings, William
245 1 0 _aSNMP, SNMPv2, SNMPv3, and RMON 1 and 2 /
_cWilliam Stallings.
250 _a3rd ed
260 _aReading, Mass. :
_bAddison-Wesley,
_cc1999
300 _axv, 619 p. :
_bill. ;
_c24 cm
500 _aIncludes index.
504 _aIncludes bibliographical references (p. 603-604).
650 0 _aComputer networks
_xManagement
650 0 _aComputer network protocols
_xStandards
650 0 _aSimple Network Management Protocol (Computer network protocol)
907 _a.b10374760
_b28-07-16
_c28-07-16
003
005 20230123122226.0
040 _cNUST
942 _cBOOKS
_kTK5105.5
_mSTA
999 _c129983
_d129983